000 00260nam a2200109Ia 4500
008 190216s9999||||xx |||||||||||||| ||und||
100 _aHameed Rasa
245 0 _aBharadathinde Samskarika Darmam
260 _bBhasha Institute
650 _aHistory
942 _cBK
999 _c40419
_d40419